000 00765nam a22001817a 4500
999 _c12369
_d12369
003 AR-CdUCM
008 190408b ||||| |||| 00| 0 spa d
040 _aMUNICIPALIDAD PROVINCIAL DEL CUSCO
_cBIBLIOTECA MUNICIPAL DEL CUSCO
082 _aC / 232.9 /
_bC54
100 _aCipalletti, Jacinto
_930198
245 _aVida del B. Fr. Juan Masias :
_bhermano converso de la provincia de San Juan Bautista del Perú /
260 _aCuzco :
_bLiga Sagrada,
_c1949.
300 _a274 páginas ;
_c18 cm.
505 _aNacimiento e infancia -- Su vida en el siglo -- Su viaje a America -- Su entrada en la orden de los predicadores -- Espíritu con que cumplió el oficio de portero...
650 _aJuan Masias.
_930199
942 _2ddc
_cLIBROS
945 _awfj
_d2019-04-08